| 000 -LEADER | |
|---|---|
| fixed length control field | 00302nam a22001337a 4500 |
| 005 - DATE AND TIME OF LATEST TRANSACTION | |
| control field | 20260313131412.0 |
| 008 - FIXED-LENGTH DATA ELEMENTS--GENERAL INFORMATION | |
| fixed length control field | 260313b |||||||| |||| 00| 0 eng d |
| 022 ## - INTERNATIONAL STANDARD SERIAL NUMBER | |
| ISSN | 2277-9116 |
| 245 ## - TITLE STATEMENT | |
| Title | PRACTICAL LAWYER [JAN-2026] |
| 260 ## - PUBLICATION, DISTRIBUTION, ETC. (IMPRINT) | |
| Place of publication | DELHI |
| Name of publisher | E B C |
| Year of publication | 2026 |
| 300 ## - PHYSICAL DESCRIPTION | |
| Number of Pages | 106;P |
| 650 ## - SUBJECT ADDED ENTRY--TOPICAL TERM | |
| Topical Term | LAW |
| 942 ## - ADDED ENTRY ELEMENTS (KOHA) | |
| Koha item type | Journals/Serial |
| Lost status | Damaged status | Collection code | Home library | Current library | Shelving location | Date acquired | Source of acquisition | Cost, normal purchase price | Serial Enumeration / chronology | Accession Number | Koha item type |
|---|---|---|---|---|---|---|---|---|---|---|---|
| JOURNALS | JRU Library | JRU Library | Periodicals Section | 12/01/2026 | SUBSCRIBE COPY | 290.00 | ISSUE [JAN-2026] | PL0001 | Journals/Serial | ||
| JOURNALS | JRU Library | JRU Library | Periodicals Section | 13/03/2026 | SUBSCRIBE COPY | 290.00 | ISSUE-313 [FEB-2026] | PL0002 | Journals/Serial | ||
| JOURNALS | JRU Library | JRU Library | Periodicals Section | 07/04/2026 | SUBSCRIBE COPY | 290.00 | ISSUE-314 [MAR-2026] | PL0003 | Journals/Serial | ||
| JOURNALS | JRU Library | JRU Library | Periodicals Section | 24/04/2026 | SUBSCRIPTION | 290.00 | ISSUE-315 [APR-2026] | PL0004 | Journals/Serial |